| 000 | 01683nam a2200253Ia 4500 | ||
|---|---|---|---|
| 003 | Ost | ||
| 005 | 20260507075211.0 | ||
| 008 | 260507s9999||||xx |||||||||||||| ||und|| | ||
| 020 | _a10937499579 | ||
| 040 | _cfsecg | ||
| 041 | _aara | ||
| 082 | _a330 | ||
| 100 |
_aبدير، جمال يوسف _eمؤلف |
||
| 245 | 0 |
_aاتجاهات حديثة في إدارة المعرفة و المعلومات / _c جمال يوسف بدير |
|
| 260 |
_aعمان: _bدار كنزو المعرفة, _c2009 |
||
| 300 |
_a262 صفحة؛ _bإيضاحات ؛ _c24 سم |
||
| 504 | _aمراجع ص.257 | ||
| 520 | _aالادارة ، ادارة المعرفة و دورها في المجتمع المعلوماتي ، التعليم التنظيمي ، الترجمة و ادارة المعرفة ، ضمان الجودة الشاملة في ادارة المعرفة في مراكز المعلومات ، ادارة المعلومات ، اقتصاد المعرفة ، المؤتمر الاقليمي العربي للمعلومات و دور المجتمع المدني ، التوثيق و المعلومات و دورهما في تطبيق الادارة الالكترونية ، الادارة الالكترونية ، القيم الداعمة للثقافة المؤسستية في مجال ادارة موارد المعلومات و المعرفة ، جودة المعلومات في المواقع العربية ، الخصوصية و حماية البيانات . | ||
| 653 | _aالاعمال ــ ادارة | ||
| 653 | _aالمعرفة | ||
| 653 | _aالمعرفة ادارة | ||
| 700 |
_aعبد الله، محمد فؤاد _eمؤلف ثانوي |
||
| 942 | _cكتاب | ||
| 999 |
_c43470 _d43470 |
||